| 000 | 00501nam a22001577a 4500 | ||
|---|---|---|---|
| 005 | 20180728101502.0 | ||
| 008 | 120428t xxu||||| |||| 00| 0 eng d | ||
| 020 |
_a8126121599 _c500.00 |
||
| 035 | _aB-121803, B-121802 | ||
| 040 |
_aDPL _bENG |
||
| 245 |
_aGirl child and human rights / _cEd. by Debadutta Chaudhary and S.N. Tripathi |
||
| 260 |
_aNew Delhi _bAnmol Publications _c2005 |
||
| 300 |
_axi, 185p. _c23cm |
||
| 700 |
_aTripathy S.N. _945992 |
||
| 942 |
_2ddc _cEN _h323 _mGIR |
||
| 999 |
_c65764 _d65764 |
||